000
00241nam a2200109Ia 4500
008
190216s9999||||xx |||||||||||||| ||und||
100
_a
Prem Chand
245
0
_a
Hindi-Premeswan
260
_b
Saraswathi Press
650
_a
Hindi
942
_c
BK
999
_c
15247
_d
15247